00649nam a2200145Ia 4500008004100000050002800041100002600069245011400095260008600209300003300295521002300328942000700351999001900358952012600377140724s9999 xx 000 0 und d aPN 1995.9.D6b.J37 2013 aJarina, Kate Marie D. a"OngPinoy Delicacies" A Video documentary on Chinese Food Culture in the Philippines /cKate Marie D. Jarina. aLas Piñas, Philippines :bSouthville International School and Colleges,cc2013. a59 p. :bcol. ill. ;c28 cm. aMass Communication cTH c228860d228860 001040aCLbCLcTHESESd2014-07-24l1m2oPN 1995.9.D6 .J37 2013pT0214r2018-05-15 00:00:00s2016-02-04w2014-07-24yTH